VLIV VELIKOSTI ZRNA NA CHOVÁNÍ HRANIC ZRN PŘI CREEPU ŽELEZA ALFA

Bibliographic Details
Main Authors: Sklenička, Václav (Author), Čadek, Josef, 1925-2003 (Author)
Format: Article
Language:Slovak
Czech

MARC

LEADER 00000nab a22000007a 4500
001 vtls010670973
003 SK-MaSNL
005 20260304184514.0
008 250708s1969 xo |||||||||||||||||slo|
035 |a (urnnbn)urn:nbn:sk:snk:ar-002pf9 
035 |a (uuid)8d34ade3-8189-4787-9a5e-8ce7f4a1bb44 
035 |a urn:nbn:sk:snk-ab1api 
040 |a SNKBUCL  |b slo  |c SNKBUCL  |e AACR2 
041 0 |a cze 
044 |a xo  |c SK 
100 1 |a Sklenička, Václav  |4 aut  |9 376925 
245 1 0 |a VLIV VELIKOSTI ZRNA NA CHOVÁNÍ HRANIC ZRN PŘI CREEPU ŽELEZA ALFA  |c Václav Sklenička 
700 1 |a Čadek, Josef,  |d 1925-2003  |4 aut  |9 5394 
773 0 |t Kovové materiály  |g Roč. 7, č. 1 (1969), s. 55-62 
850 |a Slovenská národná knižnica 
852 |a Slovenská národná knižnica 
954 |a odborná, vedecká literatúra cudzojazyčná (svetová)  |2 lita 
958 |a article 
958 |a OND 
958 |a EUIPO 
999 |c 3038521  |d 3040451